| 000 | 00593nam a22002177a 4500 | ||
|---|---|---|---|
| 005 | 20260515114935.0 | ||
| 008 | 230118b ||||| |||| 00| 0 eng d | ||
| 020 | _a9789391527372 | ||
| 040 |
_aIN-DiNC _cIN-DiNC |
||
| 041 | _dasm | ||
| 082 |
_a320.6 _bBHA |
||
| 245 |
_aBharatbarshat rajahuwa niti/ _cNabin Gohain and others |
||
| 250 | _a1st ed. | ||
| 260 |
_aJorhat: _bBidya bhawan, _c2022. |
||
| 300 | _a366p. | ||
| 650 | _aPublic policy in India | ||
| 700 |
_aBora, Pankaj _eauthor |
||
| 700 |
_aSaikia, Kshirod _eauthor |
||
| 700 |
_aSharma, Dipak Kumar _eauthor |
||
| 942 |
_2ddc _cBK |
||
| 999 |
_c11439 _d11439 |
||